| 000 | 00434nam a22001577a 4500 | ||
|---|---|---|---|
| 008 | 240611b |||||||| |||| 00| 0 eng d | ||
| 020 | _a0860910407 | ||
| 050 | _aHB203 | ||
| 100 |
_aSteedman Ian _952859 |
||
| 245 |
_aThe value controversy; _cIan Steedman. |
||
| 260 |
_aUnited States: _bSchocken Books; _c1981. |
||
| 300 |
_a300p; _c22cm. |
||
| 650 |
_aValue. _9968 |
||
| 650 |
_aMarxian economics. _92881 |
||
| 942 |
_2lcc _cMONOGRAPH |
||
| 999 |
_c131944 _d131944 |
||